Sports Quiz

Random Sports Quiz

MLB Philadelphia Phillies All-Stars (all players) Quiz Stats

 Plays Quiz not verified by Sporcle

Support Sporcle.
Go Orange.
Score 0/185 Timer 20:00
0 Plays Today
Hint Answer % Correct
2010Ryan Howard
99.3%
2009Ryan Howard
99.3%
2006Ryan Howard
99.3%
1989Mike Schmidt
98.6%
1987Mike Schmidt
98.6%
1986Mike Schmidt
98.6%
1986Mike Schmidt
98.6%
1983Mike Schmidt
98.6%
1982Mike Schmidt
98.6%
1981Mike Schmidt
98.6%
1980Mike Schmidt
98.6%
1979Mike Schmidt
98.6%
1977Mike Schmidt
98.6%
1976Mike Schmidt
98.6%
1974Mike Schmidt
98.6%
2014Chase Utley
97.8%
2010Chase Utley
97.8%
2009Chase Utley
97.8%
2008Chase Utley
97.8%
2007Chase Utley
97.8%
2006Chase Utley
97.8%
2005Jimmy Rollins
97.1%
2002Jimmy Rollins
97.1%
2001Jimmy Rollins
97.1%
2013Cliff Lee
95.7%
2011Cliff Lee
95.7%
2011Roy Halladay
95%
2010Roy Halladay
95%
2012Cole Hamels
92.8%
2011Cole Hamels
92.8%
2007Cole Hamels
92.8%
1982Steve Carlton
92.8%
1981Steve Carlton
92.8%
1980Steve Carlton
92.8%
1979Steve Carlton
92.8%
1977Steve Carlton
92.8%
1974Steve Carlton
92.8%
1972Steve Carlton
92.8%
1982Pete Rose
89.2%
1981Pete Rose
89.2%
1980Pete Rose
89.2%
1979Pete Rose
89.2%
1995Darren Daulton
86.3%
1993Darren Daulton
86.3%
1993John Kruk
86.3%
1992Darren Daulton
86.3%
1992John Kruk
86.3%
1991John Kruk
86.3%
1956Robin Roberts
84.9%
1955Robin Roberts
84.9%
1954Robin Roberts
84.9%
1953Robin Roberts
84.9%
1952Robin Roberts
84.9%
1951Robin Roberts
84.9%
1950Robin Roberts
84.9%
1995Lenny Dykstra
84.2%
1994Lenny Dykstra
84.2%
1990Lenny Dykstra
84.2%
2009Jayson Werth
82%
1978Greg Luzinski
82%
1977Greg Luzinski
82%
1976Greg Luzinski
82%
Hint Answer % Correct
1975Greg Luzinski
82%
1958Richie Ashburn
82%
1953Richie Ashburn
82%
1951Richie Ashburn
82%
1948Richie Ashburn
82%
2012Carlos Ruiz
80.6%
2011Shane Victorino
79.9%
2009Shane Victorino
79.9%
1979Larry Bowa
79.9%
1978Larry Bowa
79.9%
1976Larry Bowa
79.9%
1975Larry Bowa
79.9%
1974Larry Bowa
79.9%
1999Curt Schilling
79.1%
1997Curt Schilling
79.1%
2008Brad Lidge
76.3%
1967Richie Allen
76.3%
1966Richie Allen
76.3%
1965Richie Allen
76.3%
2005Bobby Abreu
75.5%
2004Bobby Abreu
75.5%
1979Bob Boone
74.8%
1978Bob Boone
74.8%
1976Bob Boone
74.8%
1933Chuck Klein
73.4%
2002Scott Rolen
69.8%
2009Raul Ibanez
68.3%
1998Curt Schilling
67.6%
1994Doug Jones
67.6%
1982Manny Trillo
67.6%
1981Manny Trillo
67.6%
1975Tug McGraw
67.6%
1951Willie Jones
67.6%
1950Willie Jones
67.6%
1994 Danny Jackson
66.9%
1969Grant Jackson
66.9%
1966Jim Bunning
66.9%
1964Jim Bunning
66.9%
2015Jonathan Papelbon
66.2%
2012Jonathan Papelbon
66.2%
1989Von Hayes
66.2%
2013Domonic Brown
65.5%
2004Jim Thome
65.5%
1987Juan Samuel
64%
1986Juan Samuel
64%
2000Mike Lieberthal
62.6%
1999Mike Lieberthal
62.6%
1987Steve Bedrosian
60.4%
1995Tyler Green
58.3%
2005Billy Wagner
57.6%
1995Mickey Morandini
57.6%
2007Aaron Rowand
55.4%
1993Terry Mulholland
55.4%
1985Glenn Wilson
55.4%
1935Jimmy Wilson
55.4%
1965Johnny Callison
54.7%
1964Johnny Callison
54.7%
1962Johnny Callison
54.7%
1993Dave Hollins
54%
1955Del Ennis
52.5%
1951Del Ennis
52.5%
1946Del Ennis
52.5%
Hint Answer % Correct
2011Placido Polanco
51.8%
1967Chris Short
48.9%
1964Chris Short
48.9%
1950Jim Konstanty
46%
1976Dave Cash
45.3%
1975Dave Cash
45.3%
1974Dave Cash
45.3%
1957Curt Simmons
45.3%
1953Curt Simmons
45.3%
1952Curt Simmons
45.3%
1971Rick Wise
43.9%
1960Tony Taylor
43.9%
1981Dick Ruthven
41%
1994Mariano Duncan
39.6%
1999Paul Byrd
38.8%
1988Lance Parrish
37.4%
2006Tom Gordon
36%
2003Randy Wolf
36%
1986Shane Rawley
36%
1954Granny Hamner
36%
1953Granny Hamner
36%
1952Granny Hamner
36%
1988Kevin Gross
35.3%
1949Andy Seminick
34.5%
1996Ricky Bottalico
33.8%
2002Vicente Padilla
33.1%
1986Al Holland
31.7%
1985Ozzie Virgil
30.2%
1947Harry Walker
29.5%
1938Herschel Martin
29.5%
1956Stan Lopata
28.1%
1955Stan Lopata
28.1%
1995Heathcliff Slocumb
25.9%
1950Dick Sisler
25.9%
1973Wayne Twitchell
25.2%
1965Cookie Rojas
25.2%
1962Art Mahaffey
23.7%
1961Art Mahaffey
23.7%
1949Eddie Waitkus
20.9%
1940Pinky May
20.1%
1957Jack Sanford
19.4%
1941Cy Blanton
17.3%
1970Joe Hoerner
16.5%
1968Woodie Fryman
16.5%
1954Smoky Burgess
16.5%
1936Pinky Whitney
15.8%
1933Dick Bartell
15.8%
1937Bucky Walters
15.1%
1947Schoolboy Rowe
14.4%
1963Ray Culp
12.9%
1959Gene Conley
12.2%
1940Hugh Mulcahy
12.2%
1958Dick Farrell
11.5%
1947Emil Verban
11.5%
1946Emil Verban
11.5%
1944Ken Raffensberger
11.5%
1940Kirby Higbe
11.5%
1946Frank McCormick
10.1%
1943Babe Dahlgren
9.4%
1942Danny Litwhiler
9.4%
1939Morrie Arnovich
9.4%

You're not logged in!

Compare scores with friends on all Sporcle quizzes.
OR
Log In

From the Vault

Commercial Animals

by slipkid

Some animals these days are really workaholics.
Remove Ads.
Support Sporcle.
Get the best of Sporcle when you Go Orange. This ad-free experience offers more features, more stats, and more fun while also helping to support Sporcle. Thank you for becoming a member.

Show Comments

Extras

Created Jan 30, 2016ReportNominate
Tags:appearance

Top Quizzes Today


Score Distribution

Your Account Isn't Verified!

In order to create a playlist on Sporcle, you need to verify the email address you used during registration. Go to your Sporcle Settings to finish the process.

Report this User

Report this user for behavior that violates our Community Guidelines.

Details: